Economics of developement and planning. (Record no. 1165)
[ view plain ]
| 000 -LEADER | |
|---|---|
| fixed length control field | 00538cam a2200205ua 4500 |
| 008 - FIXED-LENGTH DATA ELEMENTS--GENERAL INFORMATION | |
| fixed length control field | 110622n ii |||gr||||Z||||||eng |
| 020 ## - INTERNATIONAL STANDARD BOOK NUMBER | |
| International Standard Book Number | 81-8318-580-0 |
| 040 ## - CATALOGING SOURCE | |
| Transcribing agency | MAIN |
| 082 ## - DEWEY DECIMAL CLASSIFICATION NUMBER | |
| Classification number | 338.9 |
| 100 ## - MAIN ENTRY--PERSONAL NAME | |
| Personal name | Misra, S K., |
| 245 1# - TITLE STATEMENT | |
| Title | Economics of developement and planning. |
| Statement of responsibility, etc. | By S K Misra. |
| 250 ## - EDITION STATEMENT | |
| Edition statement | 12th. |
| 260 ## - PUBLICATION, DISTRIBUTION, ETC. | |
| Place of publication, distribution, etc. | Delhi.: |
| Name of publisher, distributor, etc. | Himalaya publishing house., |
| Date of publication, distribution, etc. | 2006. |
| 300 ## - PHYSICAL DESCRIPTION | |
| Extent | 915 p.: |
| Dimensions | 30 cm. |
| 700 ## - ADDED ENTRY--PERSONAL NAME | |
| Personal name | Puri, V K., |
| 942 ## - ADDED ENTRY ELEMENTS (KOHA) | |
| Koha item type | Books |
| 653 ## - INDEX TERM--UNCONTROLLED | |
| Uncontrolled term | Economics. |
| 653 ## - INDEX TERM--UNCONTROLLED | |
| Uncontrolled term | Economics of developement and planning. |
| Withdrawn status | Lost status | Damaged status | Not for loan | Home library | Current library | Shelving location | Date acquired | Total Checkouts | Full call number | Barcode | Date last seen | Date last checked out | Copy number | Price effective from | Koha item type |
|---|---|---|---|---|---|---|---|---|---|---|---|---|---|---|---|
| Central Library, Naharkatiya College | Central Library, Naharkatiya College | General Stacks | 19/09/2020 | 10 | 338.9 | MIS | 17748 | 07/09/2024 | 30/08/2024 | 1 | 19/09/2020 | Books | ||||
| Central Library, Naharkatiya College | Central Library, Naharkatiya College | General Stacks | 19/09/2020 | 13 | 338.9 | MIS | 17749 | 27/08/2024 | 20/08/2024 | 2 | 19/09/2020 | Books |
